La defensa de Antonio Pérez contra los cargos que se le imputaron en el proceso de visita (1984) / (Record no. 147500)

MARC details
000 -LEADER
campo de control de longitud fija 00931nam a2200241 i 4500
001 - NÚMERO DE CONTROL
campo de control 147500
003 - IDENTIFICADOR DE NÚMERO DE CONTROL
campo de control ES-MaACL
005 - FECHA Y HORA DE LA ÚLTIMA TRANSACCIÓN
campo de control 20230906202035.0
007 - CAMPO FIJO DE DESCRIPCIÓN FÍSICA--INFORMACIÓN GENERAL
campo de control de longitud fija t|
008 - DATOS DE LONGITUD FIJA--INFORMACIÓN GENERAL
campo de control de longitud fija 071001s1980 sp ||||1| spa d
020 ## - NÚMERO INTERNACIONAL ESTÁNDAR DEL LIBRO
Número Internacional Estándar del Libro 84-00-04563-7
100 1# - ENTRADA PRINCIPAL--NOMBRE DE PERSONA
Nombre de persona Ungerer, Gustav.
9 (RLIN) 112010
245 13 - MENCIÓN DEL TÍTULO
Título La defensa de Antonio Pérez contra los cargos que se le imputaron en el proceso de visita (1984) /
Mención de responsabilidad, etc. Gustav Ungerer.
260 ## - PUBLICACIÓN, DISTRIBUCIÓN, ETC.
Lugar de publicación, distribución, etc. Zaragoza :
Nombre del editor, distribuidor, etc. Diputación Provincial. Institución Fernando el Católico,
Fecha de publicación, distribución, etc. 1980.
300 ## - DESCRIPCIÓN FÍSICA
Extensión 119 p. ;
Dimensiones 22 cm.
490 1# - MENCIÓN DE SERIE
Mención de serie Temas aragoneses ;
Designación de volumen o secuencia 29
490 1# - MENCIÓN DE SERIE
Mención de serie Publicación ... de la Institución Fernando el Católico ;
Designación de volumen o secuencia 741
710 2# - ENTRADA AGREGADA--NOMBRE DE ENTIDAD CORPORATIVA
Nombre de entidad corporativa o nombre de jurisdicción como elemento de entrada Institución "Fernando el Católico"
9 (RLIN) 4721
830 0# - PUNTO DE ACCESO ADICIONAL DE SERIE-TÍTULO UNIFORME
Título uniforme Temas aragoneses ;
Designación de volumen o secuencia 29
9 (RLIN) 187111
830 00 - PUNTO DE ACCESO ADICIONAL DE SERIE-TÍTULO UNIFORME
Título uniforme Publicación ... de la Institución Fernando el Católico
Designación de volumen o secuencia 741
9 (RLIN) 233871
852 ## - LOCALIZACIÓN
Ubicación ES-MaACL
Número de control de estantería L-11051
Sublocalización o colección R.112416
Holdings
Estatus retirado Estado de pérdida Estado de daño No para préstamo Biblioteca de origen Biblioteca actual Ubicación en estantería Fecha de adquisición Fuente de adquisición Total de préstamos Signatura topográfica completa Código de barras Visto por última vez Precio de reemplazo Tipo de ítem Koha
        Biblioteca del Ateneo de Madrid Biblioteca del Ateneo de Madrid Depósito 2 17/01/2008     L-11051 1153928 23/02/2023 23/02/2023 Libro impreso